000 00456nam a22001697a 4500
005 20260421130721.0
008 260421b |||||||| |||| 00| 0 eng d
020 _a0801024404
050 _aBS2341
_b.B19C5
100 _aCalvin John
245 _aCommentary on the book of the prophet isaiah
_cby Calvin John
260 _aScotland
_bBaker books
_cc2005
300 _axviii,482p
500 _aincludes index
700 _aCalvin John
942 _2lcc
_cBK
_n0
999 _c9357
_d9357